How strong is britain / (Record no. 193986)

000 -LEADER
fixed length control field 00851 a2200157 4500
003 - CONTROL NUMBER IDENTIFIER
control field NUST
005 - DATE AND TIME OF LATEST TRANSACTION
control field 20230131143339.0
040 ## - CATALOGING SOURCE
Transcribing agency Nust
082 ## - DEWEY DECIMAL CLASSIFICATION NUMBER
Classification number 941,PUC
100 ## - MAIN ENTRY--PERSONAL NAME
Personal name Puckler, Count
9 (RLIN) 108271
245 ## - TITLE STATEMENT
Title How strong is britain /
Statement of responsibility, etc. Count Puckler
260 ## - PUBLICATION, DISTRIBUTION, ETC.
Place of publication, distribution, etc. London
Name of publisher, distributor, etc. Georage Routledge sons Ltd
Date of publication, distribution, etc. 1939
300 ## - PHYSICAL DESCRIPTION
Extent 263 pages
505 ## - FORMATTED CONTENTS NOTE
Formatted contents note Great Britain and the New World (Page-1), Great Britian’s Economic System (Page-8), British Industry (Page-15), British Agriculture (Page-55), British Shipping (Page-72), Great Britain the World’s banker (Page-89), The Unseen Empire (Page-101), Is Great Britain Becoming poorer (Page-130), British Military Strength (Page-150), The Empire as Burden and Support (Page-207), Population Difficulties in the Empire (Page-235), Strom Clouds on the Horizon (Page-250).
942 ## - ADDED ENTRY ELEMENTS (KOHA)
Source of classification or shelving scheme
Koha item type Book
Call number prefix 941,PUC
Holdings
Withdrawn status Lost status Source of classification or shelving scheme Damaged status Not for loan Permanent Location Current Location Shelving location Date acquired Full call number Barcode Date last seen Price effective from Koha item type Public note
          Military College of Signals (MCS) Military College of Signals (MCS) General Stacks 12/12/2016 941,PUC MCS30104 12/08/2016 12/12/2016 Book Almirah No.60, Shelf No.4
© 2023 Central Library, National University of Sciences and Technology. All Rights Reserved.